00586cem a2200157 i 4500040000800000082002600008110001900034245010900053246003500162246001300197250002400210300005400234500004600288500003400334500006000368 cDLC aFAO TEC 2019 C131 Or.1 aGreat Britain.10aTechnical Cooperation Programme 2019 ReportbCatalysing results towards the sustainble Develipment Goals30aMaletsunyane Falls tourist map1 aOSD 2947 aEdition 1-OSD 2019. a1 map :bcolor ;c73 x 46 cm, on sheet 82 x 67 cm aRelief shown by shading and spot heights. a"© Lesotho Government 2019." aIncludes text, 2 ancillary maps, and color illustration